Las aventuras del capitán Calzoncillos / (Registro nro. 12116)

Detalles MARC
000 -LIDER
fixed length control field 01094nam a22003137a 4500
001 - NÚMERO DE CONTROL
Identificador de número de control 000752
003 - IDENTIFICACDOR DE NÚMERO DE CONTROL
control field DO-SdBNP
005 - DATE AND TIME OF LATEST TRANSACTION
control field 20180212153558.0
007 - CAMPOS FIJOS DE DESCRIPCIÓN FÍSICA
fixed length control field 000752
008 - ELEMENTOS DE LONGITUD FIJA
fixed length control field 161128b 2001 sp a ||||| |||| 00| 0 spa d
020 ## - ISBN
International Standard Book Number 8434870479
040 ## - FUENTE DE CATALOGACIÓN
Agencia que crea de manera original el registro BPMSU
Idioma de catalogación spa
Agencia que realiza la transcripción BPMSU
082 ## - NÚMERO DE CLASIFICACIÓN DECIMAL DE DEWEY
Classification number xxxx
Item number xxxx
100 1# - ASIENTO PRINCIPAL -- NOMBRE PERSONAL
Nombre personal Pilkey, Dav,
Fechas asociadas con el nombre 1966-
240 1# - TITULO UNIFORME
Título uniforme The adventures of captain Underpants.
Idioma de una obra Español
245 1# - MENCIÓN DE TITULO
Título Las aventuras del capitán Calzoncillos /
Mención de responsabilidad Las aventuDav Pilkey ; ilustraciones, Dav Pilkey ; traducción del inglés, Miguel Azaloa.
250 ## - MENCIÓN DE EDICION
Mención de edición 6ª ed.
260 ## - PUBLICACIÓN, DISTRIBUCIÓN, ETC. (PIE DE IMPRENTA)
Lugar de publicación, distribución, etc Madrid :
Nombre del editor, distribuidor, etc. SM.
Fecha de publicación, distribución, etc 2001.
300 ## - DESCRIPCIÓN FÍSICA
Extensión 123 p. :
Otros detalles físicos il. ;
Dimensiones 19 cm.
490 1# - MENCIÓN DE SERIES
Mención de serie El barco de vapor. Serie azul
Volume/sequential designation 92
500 ## - NOTA GENERAL
Nota general "A partir de 7 años"
500 ## - NOTA GENERAL
Nota general Incluye datos del autor en la solapa de la contracubierta.
500 ## - NOTA GENERAL
Nota general Traducción de: The adventures of captain Underpants
700 1# - ASIENTO SECUNDARIO -- NOMBRE PERSONAL
Nombre personal Azaloa, Miguel,
Mención de responsabilidad il.
830 #0 - ASIENTO SECUNDARIO DE SERIE--TÍTULO UNIFORME
Título uniforme El barco de vapor. Serie azul ;
Volume number/sequential designation 92
942 ## - ADDED ENTRY ELEMENTS (KOHA)
Source of classification or shelving scheme Dewey Decimal Classification
Koha item type Libros
945 ## - INFORMACIÓN DE PROCESAMIENTO LOCAL
Información de procesamiento local Inventariado, 2018 / BT
956 ## - LOCAL ELECTRONIC LOCATION AND ACCESS (OCLC)
Método de acceso LOPEREZ
Materiales especificados 10
Enlace 20161128
Campo enlazado y núm. de secuencia BPMSU
Nombre de host 00041
Existencias
Withdrawn status Lost status Source of classification or shelving scheme Damaged status Not for loan Collection code Home library Current library Date acquired Source of acquisition Total Checkouts Full call number Barcode Date last seen Price effective from Koha item type
    Dewey Decimal Classification     Colección Infantil General Biblioteca Pública Metropolitana Salomé Ureña Biblioteca Pública Metropolitana Salomé Ureña 11/28/2016 FUNDI   xxxx xxxx BPMSU16111573 11/28/2016 11/28/2016 Libros